| 000 | 01662cam a22004097a 4500 | ||
|---|---|---|---|
| 005 | 20220817043052.0 | ||
| 008 | 971010s1988 r 00010 d | ||
| 010 | _a64565 | ||
| 011 | _a65537 | ||
| 035 | _a72449 | ||
| 090 | _aTesis | ||
| 100 | 0 | 0 |
_aNavarrete Chávez, Florentino. _980503 |
| 245 | 0 | _aEstudio sobre mineralización de dos abonos orgánicos y respuesta a la fertilización nitrogenada del frijol (Phaseolus vulgaris L.) y garbanzo (Cicer arietinum L.) bajo un sistema de terrazas con aprovechamiento de escurrimiento superficiales | |
| 260 |
_aChapingo, Méx. : _bEl autor, _c1988 |
||
| 300 | _a209 p. | ||
| 502 | _aTesis (Ing. Agr. Esp. en Zonas Aridas) -- UACH. Departamento de Zonas Aridas | ||
| 590 |
_aALEPH _b10 _c20130110 _lUCH01 _h1353 |
||
| 590 |
_aBATCH-UPD _b10 _c20130110 _lUCH01 _h0227 |
||
| 590 |
_aBATCH-UPD _b10 _c20130110 _lUCH01 _h0811 |
||
| 590 |
_aBATCH-UPD _b10 _c20130409 _lUCH01 _h2250 |
||
| 590 |
_aBATCH-UPD _b10 _c20130410 _lUCH01 _h1248 |
||
| 590 |
_aBATCH-UPD _b10 _c20130913 _lUCH01 _h1831 |
||
| 590 |
_aCONVERSION _b10 _c20130109 _lUCH01 _h1335 |
||
| 650 | 1 | 4 |
_aAbonos _xEfecto en frijol. _9250 |
| 650 | 1 | 4 |
_aAbonos _xEfecto en garbanzo. _9251 |
| 650 | 1 | 4 |
_aAbonos _xEfecto en suelos. |
| 650 | 1 | 4 |
_aEscurrimiento. _937675 |
| 650 | 1 | 4 |
_aFertilizantes _xEfecto en frijol. _940511 |
| 650 | 1 | 4 |
_aFertilizantes _xEfecto en garbanzo. _940513 |
| 650 | 1 | 4 |
_aFrijol _xRendimiento. _943429 |
| 650 | 1 | 4 |
_aGarbanzo _xRendimiento. _945631 |
| 650 | 1 | 4 |
_aNitrógeno _xEfecto en frijol. _981436 |
| 650 | 1 | 4 |
_aNitrógeno _xEfecto en garbanzo. _981437 |
| 650 | 1 | 4 |
_aTerrazas. _9112392 |
| 901 | _aBK | ||
| 949 |
_bZA _cTES _d-5155 _eTS1 _i72449 _si |
||
| 999 |
_c64565 _d64565 |
||